[Event "Boeing Swiss"]
[Site "?"]
[Date "1976.03.23"]
[Round "5"]
[White "Murray, M."]
[Black "Bailey, B."]
[Result "0-1"]
[WhiteElo "2130"]
[BlackElo "2042"]
[Annotator "Stockfish 13 (15s)"]
[PlyCount "60"]

{A15: English Opening: 1...Nf6} 1. Nf3 Nf6 2. b4 g6 3. Bb2 Bg7 4. c4 d6 5. d4
O-O (5... Nbd7 6. Qc2 a5 7. bxa5 Rxa5 8. e3 O-O 9. Be2 Nb6 10. Nc3 Bf5 11. Qb3
Qa8 12. O-O Na4 13. Nxa4 Rxa4 14. Nd2 Ne4 15. Rfd1 Nxd2 16. Rxd2 Be4 17. f3 {
1/2-1/2 (17) Kovacevic,V (2520)-Levacic,P (2365) Pula 1998}) (5... Bf5 6. Nbd2
a5 7. b5 c6 8. a4 O-O 9. e3 Nbd7 10. Be2 Re8 11. Nh4 e5 12. Nxf5 gxf5 13. Nf3
Ng4 14. h3 Nh6 15. O-O e4 16. Nd2 Qg5 17. Qb3 c5 18. Rad1 Re6 19. g3 cxd4 20.
exd4 {Mrozinski,W (1965)-Kleymann,J (1865) Dortmund 2004 1/2-1/2}) 6. Nc3 $146
(6. g3 a5 7. a3 c6 8. Nbd2 e5 9. dxe5 Ng4 10. Bg2 dxe5 11. e4 axb4 12. axb4
Rxa1 13. Qxa1 Na6 14. h3 Nxb4 15. O-O Nxf2 16. Kxf2 Qb6+ 17. Ke2 Nc2 18. Qb1
Qe3+ 19. Kd1 Nd4 20. Bxd4 exd4 {
Labib,I (2426)-Sorial,H (2316) Cairo 2000 1-0 (50)}) (6. Nbd2 Nbd7 7. Qc2 Re8
8. e4 e5 9. dxe5 Nxe5 10. Nxe5 dxe5 11. Be2 Nd7 12. c5 Nf8 13. Bc4 Qe7 14. O-O
Bd7 15. Bd5 Rab8 16. f4 Bb5 17. Nc4 Bxc4 18. Bxc4 exf4 19. Bxg7 Kxg7 20. Rxf4
f6 {Khudiakov,A-Gurevich,V (2435) Alushta 1998 0-1 (39)}) (6. Qb3 a5 7. a3 c6
8. e3 Nbd7 9. Be2 b6 10. O-O Re8 11. Rd1 Qc7 12. Nc3 axb4 13. axb4 Rxa1 14.
Rxa1 Bb7 15. d5 cxd5 16. cxd5 Nxd5 17. Nb5 Qb8 18. Bxg7 Kxg7 19. Rd1 N5f6 20.
Nc3 h6 {Lieb,H (2310)-Roos,L (2255) Berlin West 1980 1-0 (40)}) (6. e3 c5 7. a3
Bg4 $11) 6... Nbd7 (6... c5 $5 7. bxc5 dxc5 $15) 7. e3 $11 c5 (7... Nb6 8. Be2
$11) 8. bxc5 dxc5 9. d5 (9. Be2 cxd4 10. exd4 Nb6 $11) 9... Nb6 (9... Qa5 10.
Qa4 Qb4 11. Qb3 $11) 10. Qd2 (10. a4 $142 $5 $14) 10... Bf5 11. Nh4 (11. a4 $5
a5 12. Qc1 $11) 11... Bd7 $17 12. Be2 e6 13. d6 $2 (13. Nf3 $142 $5 exd5 14.
cxd5 $17) 13... Na4 $19 14. Nxa4 Bxa4 15. Nf3 $4 (15. Qd3 $142 Ne8 16. Bxg7
Kxg7 17. Nf3 Qa5+ 18. Qd2 Qxd2+ 19. Nxd2 Nxd6 20. Bd1 $19) 15... Ne4 16. Qc1
Qa5+ 17. Kf1 Bxb2 (17... Rad8 $142 $5 18. Bxg7 Kxg7 19. Qb2+ Qc3 20. Qxc3+ Nxc3
21. Rc1 Nxe2 22. Kxe2 Rxd6 23. Nd2 $19) 18. Qxb2 Nxd6 (18... Rfd8 19. Qe5 Qc3
20. Qxc3 Nxc3 21. Rc1 Nxe2 22. Kxe2 Rxd6 23. Nd2 $19) 19. Rb1 (19. h4 f6 $19)
19... Qc7 (19... Rad8 20. h4 h5 21. Nd2 $19) 20. h4 Bc6 (20... f6 21. h5 g5 22.
h6 $19) 21. Ng5 $2 (21. h5 $142 $5 Ne4 22. Bd3 $19) 21... h5 (21... e5 $142 $19
) 22. f3 $4 (22. Qc2 Nf5 23. Bf3 $19) 22... Nf5 23. Bd3 (23. Qc3 Ng3+ 24. Kf2
Nxh1+ 25. Rxh1 Rad8 $19) 23... Nxe3+ 24. Kf2 Nf5 (24... Qf4 25. g3 Ng4+ 26. Kg2
$19) 25. Bxf5 exf5 (25... gxf5 $143 26. Rh3 Rad8 27. Ne4 $19) 26. Rbd1 Rad8 27.
Qf6 Rxd1 28. Rxd1 Re8 29. Rd2 Qe7 30. Qc3 (30. Qxe7 Rxe7 31. Rd8+ Re8 32. Rd3
$19) 30... Qe1# 0-1

[Event "Boeing Swiss"]
[Site "?"]
[Date "1976.04.20"]
[Round "6"]
[White "Bailey, B."]
[Black "Pitt, A."]
[Result "0-1"]
[WhiteElo "2042"]
[BlackElo "1915"]
[Annotator "Stockfish 13 (15s)"]
[PlyCount "112"]

{B18: Classical Caro-Kann: 4...Bf5 sidelines} 1. e4 c6 2. d4 d5 3. Nc3 dxe4 4.
Nxe4 Bf5 5. Ng3 Bg6 6. Nf3 e6 7. Ne5 Nd7 8. Nxg6 hxg6 9. Be3 Qb6 $146 (9...
Ngf6 10. h3 (10. c4 Qc7 11. Be2 Bb4+ 12. Bd2 Bd6 13. c5 Bxg3 14. fxg3 Rxh2 15.
Rxh2 Qxg3+ 16. Kf1 Qxh2 17. Bf3 Nh5 18. Kf2 Qh4+ 19. Ke3 Ndf6 20. Kd3 Nf4+ 21.
Kc2 O-O-O 22. Be3 N6d5 23. Bf2 Qxf2+ {
0-1 (23) Coloma Almeida,S-Clay Bejar,R (2140) Quito 1997}) (10. Bd3 Bd6 11. Qd2
Qc7 12. O-O-O O-O-O 13. h3 Nd5 14. Ne4 Bf4 15. Bxf4 Nxf4 16. Ng5 Nf6 17. g3
Nxd3+ 18. Qxd3 Rd5 19. f4 Rhd8 20. Qe3 Qd7 21. Nf3 Qe7 22. a3 Rb5 23. c4 Rh5
24. g4 Rhh8 {Madsen,M (1758)-Woldseth,O (1767) Sotra 2002 0-1 (44)}) 10... Bd6
11. Ne2 Qa5+ 12. c3 O-O 13. Nf4 Rfe8 14. Bc4 Bxf4 15. Bxf4 e5 16. dxe5 Nxe5 17.
Be2 Rad8 18. Qxd8 Qxd8 19. O-O Nd3 20. Bxd3 Qxd3 21. Rad1 Qc4 22. Bg5 Qxa2 23.
Bxf6 gxf6 24. Rd2 {Lerat,F (1820)-Ernst,D (1999) Orleans 2005 0-1 (33)}) (9...
Qc7 10. Qf3 Ngf6 11. Bd3 Bd6 12. h3 e5 13. O-O-O O-O-O 14. Kb1 Rhe8 15. Rde1
Qa5 16. dxe5 Nxe5 17. Qd1 Nd5 18. Bd2 Bb4 19. Bxb4 Nxb4 20. a3 Nbxd3 21. cxd3
Qb5 22. Qc2 Qxd3 23. Rd1 Qxc2+ 24. Kxc2 {
Mathews,T (1664)-Feoktistov,D (2302) Montreal 2003 0-1 (68)}) 10. Qc1 Nh6 11.
Be2 Nf5 12. Nxf5 gxf5 13. c3 Qc7 14. g3 Bd6 15. Qd2 (15. h4 O-O-O $11) 15...
O-O-O (15... f4 16. gxf4 Rh4 17. O-O-O $15) 16. O-O-O Qa5 (16... f4 17. Bxf4
Bxf4 18. gxf4 $11) 17. Kb1 b5 $2 (17... Nf6 $5 $11) 18. Rc1 (18. Bg5 $5 Nf6 19.
Bf3 $16) 18... Nf6 19. Qc2 Kd7 20. c4 (20. h4 $142 $16) 20... b4 $2 (20... bxc4
$142 21. Bxc4 Rb8 $11) 21. h4 $18 Rb8 22. Qb3 c5 23. dxc5 (23. Qd3 $142 Ke7 24.
d5 $18) 23... Bxc5 $16 24. Bf3 (24. Bf4 Rbd8 $11) 24... Ke7 $11 25. Rhd1 (25.
Rc2 $11) 25... Qc7 (25... Rhd8 26. Bf4 Rxd1 27. Rxd1 $15) 26. Bxc5+ $4 (26. Bf4
$142 Qb6 27. Bxb8 Rxb8 28. Qc2 $16) 26... Qxc5 $17 27. Qe3 Rhc8 (27... Qxe3 28.
fxe3 Rhd8 29. Rxd8 Kxd8 30. Kc2 $17) 28. Qxc5+ Rxc5 29. b3 a5 30. Kb2 (30. Rd2
g6 $15) 30... Nd7 31. Rd2 Re5 (31... Rcc8 32. Bd1 $15) 32. Rcd1 $11 Nc5 33. Rd4
$2 (33. Kc2 $142 $5 $11) 33... a4 $17 34. R1d2 $2 (34. R4d2 Rb6 35. Rd8 Re1 36.
Rxe1 Kxd8 37. Rd1+ Kc7 38. bxa4 Nxa4+ 39. Kc2 Nc5 $17) 34... axb3 (34... a3+
$142 35. Kc2 Re1 $19) 35. axb3 Rb6 $4 (35... Re1 $142 $19) 36. Rd8 $11 Re1 37.
Ra8 $4 (37. Rc8 Re5 $11) 37... Rf1 $4 (37... Ra6 38. Rxa6 Nxa6 39. Rd1 Rxd1 40.
Bxd1 $19) 38. Ra5 $2 (38. Ra7+ Kf6 39. Rc7 Rxf2 40. Rxf2 Nd3+ 41. Kc2 Nxf2 $11)
38... Rxf2 $4 (38... Rd6 $142 39. Ra7+ Kf6 40. Rxd6 Rxf2+ 41. Kc1 Nxb3+ (41...
Rxf3 $6 42. Rc7 Nxb3+ 43. Kb2 $11) 42. Kd1 Rxf3 $19) 39. Rxf2 $11 Nd3+ 40. Kc2
Nxf2 41. c5 Rb8 42. c6 (42. Ra7+ Kf6 43. c6 Rc8 $11) 42... Ne4 (42... Rc8 43.
Ra7+ Ke8 $11) 43. Ra7+ $11 Kf6 44. Rb7 $4 (44. c7 $142 Rc8 45. Bxe4 fxe4 46.
Kd2 $11) 44... Rc8 $19 45. Bxe4 (45. Rb6 Nxg3 46. Rxb4 $19) 45... fxe4 46. Rxb4
(46. Rb6 Ke5 $19) 46... Rxc6+ 47. Kd2 Rd6+ 48. Ke3 (48. Ke2 Rd3 49. Rxe4 Rxg3
$19) 48... Rd3+ 49. Kf4 Rf3+ 50. Kg4 (50. Kxe4 Rxg3 51. Kf4 $19) 50... Ke5 51.
Kh3 (51. Ra4 f5+ 52. Kh3 Rxb3 53. Ra7 $19) 51... e3 52. Kg2 e2 53. Kxf3 e1=Q
54. Rb5+ Kd4 55. Rg5 (55. Kg2 Qe2+ 56. Kg1 Qxb5 57. Kf2 Ke4 58. b4 Qe5 59. Kg2
Qb2+ 60. Kh3 Kf3 61. h5 Qf2 62. g4 Qg3#) 55... g6 (55... f5 56. Kg2 Ke3 57. h5
Qf2+ 58. Kh3 Qf1+ 59. Kh2 Kf3 60. Rxf5+ exf5 61. b4 Qg2#) 56. b4 (56. Rg4+ Kd3
57. Kg2 Qe2+ 58. Kh3 Ke3 59. b4 e5 60. h5 Kf3 61. Kh4 f6 62. Rf4+ exf4 63. Kh3
Qg2+ 64. Kh4 Qxg3#) 56... Qf1+ (56... Qf1+ 57. Kg4 f5+ 58. Rxf5 Qxf5#) 0-1

[Event "Boeing 30/30"]
[Site "?"]
[Date "1976.05.15"]
[Round "3"]
[White "Walker, D."]
[Black "Bailey, B."]
[Result "1/2-1/2"]
[WhiteElo "1633"]
[BlackElo "2042"]
[Annotator "Stockfish 13 (15s)"]
[PlyCount "140"]

{C26: Vienna Game: 2...Nf6, sidelines} 1. e4 e5 2. Nc3 Nf6 3. g3 Bc5 4. Bg2 d6
5. Nge2 a6 6. O-O Be6 7. d3 Nc6 8. Bg5 h6 9. Bd2 $146 (9. Bxf6 Qxf6 (9... gxf6
10. Kh1 h5 11. f4 h4 12. f5 hxg3 13. Nxg3 Bd7 14. Qg4 Qe7 15. Nd5 Qf8 16. Nxc7+
Kd8 17. Nxa8 Kc8 18. c3 Kb8 19. b4 Ba7 20. Rf3 Kxa8 21. Nf1 Ne7 22. Qg3 d5 23.
Qe1 dxe4 24. dxe4 {Von Bardeleben,C-Mason,J Breslau 1889 1-0 (42)}) 10. Kh1 g5
11. f4 gxf4 12. gxf4 Bg4 (12... Qh4 13. f5 Bd7 14. Ng3 O-O-O 15. Qh5 Qxh5 16.
Nxh5 Nd4 17. Rac1 Rdg8 18. Nd5 Rg5 19. Ndf6 d5 20. c3 Ne2 21. Rce1 Bb5 22. Rxe2
Bxd3 23. Rfe1 dxe4 24. Rxe4 Bxe4 25. Nxe4 Rxh5 26. Nxc5 b6 27. Nxa6 {
Von Bardeleben,C-Lasker,E Berlin 1890 1-0 (50)}) 13. Qd2 Bxe2 14. Nxe2 exf4 15.
c3 O-O-O 16. d4 Bb6 17. Rxf4 Qg7 18. Rg1 Kb8 19. Bh3 Qf8 20. Rgf1 Qe7 21. Ng3
Qg5 22. Qe2 Rhg8 23. Rf5 Qh4 {Fritz,A-Gossip,G Breslau 1889 1/2-1/2 (60)}) (9.
Be3 Bxe3 10. fxe3 Ne7 11. d4 Qd7 12. dxe5 dxe5 13. Qxd7+ Nxd7 14. Nd5 Rc8 15.
Nxe7 Kxe7 16. b3 h5 17. h3 c6 18. Rad1 b5 19. Rd2 h4 20. g4 f6 21. Nc3 Nc5 22.
Rfd1 b4 23. Nb1 a5 {Burnoiu,N (2419)-Marin,M (2552) Predeal 2006 0-1 (44)}) (9.
Bxf6 Qxf6 10. Nd5 Bxd5 11. exd5 Ne7 $11) 9... Qd7 (9... d5 $15) 10. Qc1 (10.
Nd5 $142 $5 $11) 10... Bh3 11. a3 (11. Be3 $5 $17) 11... h5 $19 12. b4 Ba7 13.
Be3 h4 (13... Bxe3 14. Qxe3 h4 15. Bxh3 Qxh3 16. g4 Qxg4+ 17. Kh1 $19) 14. Bxa7
$17 hxg3 (14... Rxa7 $6 15. f3 Bxg2 16. Kxg2 hxg3 17. hxg3 Qh3+ 18. Kf2 Qh2+
19. Ke3 Qh6+ 20. f4 exf4+ 21. gxf4 $11) 15. fxg3 $2 (15. hxg3 $142 Nxa7 16. f3
$17) 15... Bxg2 $19 (15... Nxa7 $6 16. Qg5 Bxg2 17. Qxg7 $17) (15... Rxa7 $6
16. Rxf6 gxf6 17. Nd5 $11) 16. Kxg2 Qh3+ (16... Nxa7 $6 17. h4 $11) (16... Rxa7
17. h4 Qg4 18. Qg5 $14) 17. Kf2 (17. Kf3 Rxa7 18. Qg5 Rh6 $19 (18... Qxh2 $4
19. Rh1 Qxh1+ 20. Rxh1 Rxh1 21. Qxg7 $18)) 17... Ng4+ (17... Rxa7 $6 18. Rh1
$17) 18. Ke1 Nxa7 (18... Nxh2 $5 19. Rf2 Rxa7 20. Nd5 $19) 19. Qg5 (19. Nd5
Nxh2 20. Rf2 Kf8 $17) 19... Nxh2 $19 20. Rf2 Qh6 (20... Qh7 21. Nd5 f6 22. Rxf6
gxf6 23. Nxf6+ Kf7 24. Nxh7 Nf3+ 25. Kf2 Nxg5 26. Nxg5+ Ke7 27. Nf3 $19) 21.
Qf5 Qe6 22. Nd5 Qxf5 23. Rxf5 Rc8 (23... Kf8 24. Ne3 g6 25. Rf2 $17) 24. Kd2 (
24. Ne3 f6 25. Kd2 Rh3 $17) 24... Ng4 (24... Nc6 25. Rf2 Ng4 26. Rff1 $19) 25.
a4 Nc6 26. Rg5 (26. Rff1 $142 $19) 26... Nf6 $4 (26... Nh2 $142 27. Rf5 Ne7 28.
Nxe7 Kxe7 $19) 27. b5 $15 Nd4 (27... Ne7 28. Nxe7 Kxe7 29. Rxg7 $11) 28. Nxd4
$11 (28. Rxg7 $2 Nf3+ 29. Ke3 Kf8 30. Nxf6 Kxg7 $19) 28... exd4 29. Nxf6+ gxf6
30. Rd5 Rh2+ 31. Kc1 Rh1+ 32. Kb2 Rxa1 33. Kxa1 axb5 34. Rxb5 Ra8 (34... b6 35.
Ka2 $15) 35. Rb4 Kd7 36. Kb2 b6 37. Rxd4 Rg8 38. Rd5 Rxg3 39. Rh5 Rg5 40. Rh8
f5 41. exf5 Rxf5 42. Rf8 Ke7 43. Rc8 Rc5 44. Rg8 $4 (44. d4 $142 Kd7 45. Rf8
$11) 44... f5 $19 45. Kc1 f4 46. Kd2 Rf5 (46... Ke6 $5 47. Rg7 f3 48. Rg3 $19)
47. Rg4 (47. Rg7+ Rf7 48. Rg4 $19) 47... Rf7 $4 (47... Ke6 $142 $19) 48. Ke2
$11 Ke6 49. Kf3 {Exerts pressure on the isolated pawn} Kd5 50. c3 Kc6 51. Rxf4
Rxf4+ 52. Kxf4 b5 53. axb5+ Kxb5 54. Ke4 c6 55. Ke3 Ka4 56. Kd4 Kb3 57. c4 Kb4
58. Ke4 Kc3 59. Ke3 d5 60. cxd5 cxd5 61. d4 Kc4 62. Ke2 Kxd4 63. Kd2 Ke4 64.
Ke2 d4 65. Kd2 d3 66. Kd1 Kd5 67. Kd2 Kd4 68. Kd1 Kc3 69. Kc1 d2+ 70. Kd1 Kd3
1/2-1/2

[Event "Boeing 30/30"]
[Site "?"]
[Date "1976.05.15"]
[Round "4"]
[White "Bailey, B."]
[Black "Augustiny, P."]
[Result "1-0"]
[WhiteElo "2042"]
[BlackElo "1500"]
[Annotator "Stockfish 13 (15s)"]
[PlyCount "59"]

{B95: Sicilian Najdorf: 6 Bg5 e6, unusual White 7th moves} 1. e4 c5 2. Nf3 d6
3. d4 cxd4 4. Nxd4 Nf6 5. Nc3 a6 6. Bg5 e6 7. Bc4 Be7 8. Qd2 b5 9. Bxf6 Bxf6
10. Bb3 O-O 11. O-O-O (11. O-O Bb7 12. Rfe1 Nd7 13. Rad1 Nc5 14. f3 Qb6 15. Kh1
Rfd8 16. Qe3 Nxb3 17. Nxb3 Qc7 18. Rd3 b4 19. Ne2 Bxb2 20. Nbd4 a5 21. Rb1 Bxd4
22. Nxd4 Ba6 23. Rdd1 Qc5 24. Rbc1 Rac8 25. Qe1 a4 {
Janix,I (2191)-Watanabe,A (2365) Merida 2005 0-1 (40)}) (11. Nce2 Qb6 12. c3
Nd7 13. O-O Nc5 14. Bc2 Bb7 15. Ng3 g6 16. Rad1 Rad8 17. Nf3 Qc7 18. Qf4 Bg7
19. h4 e5 20. Qd2 d5 21. Qe2 Ne6 22. exd5 Nf4 23. Qe3 Bxd5 24. Bb3 Rfe8 25.
Bxd5 Nxd5 {Vucurovic,N (2020)-Ravic,N (2151) Senta 2006 0-1 (38)}) 11... Qc7
$146 (11... Qb6 12. g4 Nd7 13. g5 Be7 14. a3 Nc5 15. Ba2 Bb7 16. f3 b4 17. axb4
Qxb4 18. Kb1 Kh8 19. h4 Rab8 20. Nce2 Qxd2 21. Rxd2 Bxe4 22. fxe4 Nxe4 23. Rdd1
Nf2 24. Nc6 Rb7 25. c4 Nxh1 26. Rxh1 {Martin,L-Kaszdan,E Uruguay 1960 0-1 (49)}
) (11... Nd7 $142 $5 12. Nc6 Qb6 13. Qxd6 Qxf2 14. Ne7+ Bxe7 15. Qxe7 Ra7 $17)
12. a3 (12. f4 Nd7 13. Bxe6 fxe6 14. Nxe6 Bxc3 15. bxc3 Qc4 16. Nxf8 Nxf8 (
16... Qxa2 $143 17. Qxd6 Nxf8 18. Qc6 $14) 17. Qd5+ Qxd5 18. Rxd5 Bb7 19. Rxd6
Bxe4 $11) 12... Rd8 13. f4 e5 $4 (13... Bxd4 $142 14. Qxd4 Nc6 $11) 14. Nd5 $18
Qc5 15. Nxf6+ gxf6 16. Ne2 (16. fxe5 $142 dxe5 17. Qh6 Rxd4 18. Qxf6 Qf8 19.
Rxd4 exd4 20. Qg5+ Kh8 $18) 16... Bb7 $4 (16... Be6 17. Bxe6 fxe6 $18) 17. fxe5
Qxe5 18. Qa5 (18. Ng3 $142 Qg5 19. Qxg5+ fxg5 20. Rhf1 $18) 18... Nd7 19. Ng3
Rac8 (19... Bxe4 20. Nxe4 Qxe4 $18) 20. Qb4 (20. Kb1 $142 Nc5 21. Bd5 $18)
20... Nc5 $14 {The pressure on the isolated pawn grows} 21. Bd5 Qf4+ $4 (21...
a5 $142 22. Qc3 b4 23. Qxe5 fxe5 $11) 22. Kb1 $18 Bxd5 23. Rxd5 a5 (23... Ne6
24. Rf1 Qg4 25. Qd2 $18) 24. Qe1 b4 25. Rf5 (25. Rf1 $5 Qg4 26. h3 Qg6 $18)
25... Qh4 (25... Qh6 26. Rd5 Qg6 27. Nf5 $18) 26. Rh5 Qf4 (26... Qg4 27. h3 Qe6
28. Nf5 Nxe4 29. Nd4 $18) 27. Rf1 Qg4 28. Qf2 Nxe4 (28... Qe6 29. Qd4 bxa3 30.
Rxf6 Nb3 31. cxb3 Qxb3 $18) 29. Nxe4 $3 Qxh5 (29... Qxe4 30. Qg3+ {
Discovered attack Double attack} (30. Qh4 {Decoy})) (29... -- $140 30. Nxf6+ {
Mate threat}) 30. Nxf6+ (30. Nxf6+ Kf8 31. Nxh5 Rd7 32. Qf6 Rc5 33. Qg7+ Ke8
34. Qg8+ Ke7 35. Rxf7+ Ke6 36. Rf6+ Ke5 37. Qe6+ Kd4 38. Rf4#) 1-0

[Event "Third Match"]
[Site "?"]
[Date "1976.04.16"]
[Round "1"]
[White "Gray, M."]
[Black "Bailey, B."]
[Result "0-1"]
[WhiteElo "1840"]
[BlackElo "2042"]
[Annotator "Stockfish 12 (20s)"]
[PlyCount "62"]

{D37: Queen's Gambit Declined: 5 Bf4} 1. c4 Nf6 2. d4 e6 3. Nc3 d5 4. Nf3 c6 5.
Bf4 Nbd7 6. e3 Be7 7. h3 O-O 8. Rc1 dxc4 (8... h6 9. a3 a6 10. Bd3 dxc4 11.
Bxc4 c5 12. O-O cxd4 13. exd4 Nb6 14. Ba2 Bd7 15. Ne5 Bc6 16. Nxc6 bxc6 17. Be5
c5 18. dxc5 Bxc5 19. Qe2 Nbd7 20. Rfd1 Qe7 21. Bg3 Rfd8 22. b4 Ba7 23. Bc4 {
Bareev,E (2670)-Vaganian,R (2615) Moscow 1993 1-0 (37)}) 9. Bxc4 Nd5 (9... b5
10. Bd3 Bb7 11. O-O Rc8 12. a3 a5 13. Qe2 b4 14. axb4 axb4 15. Nb1 c5 16. Nbd2
cxd4 17. exd4 Nd5 18. Bg3 N7f6 19. Nc4 Nb6 20. Nce5 {
1/2-1/2 (20) Yepes Martinez,E (2297)-Savory,R (2106) Birmingham 2006}) 10. Bxd5
$146 (10. Bg3 N7f6 11. O-O Bd6 12. Ne5 Ne8 13. e4 Nxc3 14. Rxc3 Bxe5 15. dxe5
Nc7 16. Rd3 Qe7 17. Qg4 b6 18. Rfd1 Ba6 19. Rd7 Qc5 20. Bb3 Rac8 21. Bh4 Nb5
22. Bf6 g6 23. Qf4 Rfe8 24. Rxf7 Nd4 {Li,Z-Rekhson,V Edmonton 2004 1-0}) (10.
Bg3 $142 $5 Nxc3 11. bxc3 $16 (11. Rxc3 $143 Bb4 $15)) 10... exd5 $11 (10...
cxd5 $143 11. O-O Qa5 12. a3 $14) 11. O-O Nf6 (11... Nb6 12. Ne5 $15) 12. Qc2
g6 13. Ne2 Bf5 14. Qa4 (14. Qd1 Ne4 $11) 14... Ne4 $15 15. Ne5 f6 16. Ng4 Bxg4
(16... Kh8 17. f3 Nd6 18. Qb3 $11) 17. hxg4 $11 Qd7 18. f3 Nd2 19. Rfd1 Nc4 20.
Qc2 $4 (20. Qb3 $142 $11) 20... g5 $19 21. Kf2 (21. b3 Na3 (21... gxf4 $6 22.
bxc4 fxe3 23. cxd5 cxd5 24. Qc7 Qxc7 25. Rxc7 $11) 22. Qf5 Qxf5 23. gxf5 gxf4
24. Nxf4 Bd6 $19) 21... gxf4 22. Nxf4 (22. exf4 f5 23. gxf5 Bh4+ 24. g3 Qe7 $19
) 22... f5 23. Rh1 (23. Qb3 fxg4 24. Rxc4 dxc4 25. Qxc4+ Kh8 $19) 23... Bg5 24.
b3 (24. gxf5 Nxe3 $1 25. Kxe3 Rae8+ 26. Kf2 Bxf4 $19) 24... Nxe3 $1 25. Kxe3
Rae8+ 26. Kf2 (26. Kd3 fxg4 27. g3 Bxf4 28. gxf4 Rxf4 $19) 26... Bxf4 27. Rce1
(27. gxf5 Be3+ 28. Kf1 Bxc1 29. Qxc1 Qxf5 $19) 27... Qd6 28. Rxe8 (28. Rh3 Rxe1
29. Kxe1 Re8+ 30. Kf1 Qe7 $19) 28... Rxe8 29. Rh3 Qe6 (29... Qe7 30. Qd1 fxg4
31. fxg4 Be3+ 32. Kf1 Bxd4 33. Qd2 Bc5 34. g3 Rf8+ 35. Kg2 Qe4+ 36. Kh2 Rf2+
37. Qxf2 Bxf2 38. Rh5 Qf3 39. Rh3 Be3 40. Rh6 Qe2+ 41. Kh3 Qf1+ 42. Kh2 Qg1+
43. Kh3 Qh1#) 30. Rh1 Qe3+ 31. Kf1 Qe1# 0-1

[Event "Third Match"]
[Site "?"]
[Date "1976.04.17"]
[Round "2"]
[White "Bailey, B."]
[Black "Gray, M."]
[Result "1-0"]
[WhiteElo "2042"]
[BlackElo "1840"]
[Annotator "Stockfish 12 (15s)"]
[PlyCount "81"]

{C77: Ruy Lopez: 3...a6 4 Ba4 Nf6, unusual lines} 1. e4 e5 2. Nf3 Nc6 3. Bb5 a6
4. Ba4 Nf6 5. Nc3 Be7 6. d3 O-O 7. Bxc6 dxc6 8. Nxe5 Bd6 9. Nc4 $146 (9. Nf3 h6
10. Ne2 Re8 11. h3 c5 12. e5 Bxe5 13. Nxe5 Rxe5 14. Bf4 Re8 15. Qd2 Qe7 16. c4
Bf5 17. Be3 Rad8 18. Nc1 b6 19. O-O Ne4 20. Qe2 Ng3 21. fxg3 Qxe3+ 22. Qxe3
Rxe3 23. Rxf5 Rxg3 {Schett,F (1695)-Hechenleitner,R (1605) Wattens 1997 1-0})
9... Bc5 10. Be3 (10. O-O a5 $18) 10... Bxe3 (10... Be7 11. O-O $18) 11. Nxe3 (
11. fxe3 $6 Ng4 12. Qf3 Qh4+ 13. Kd2 Qe7 $16) 11... b5 (11... a5 12. O-O $18)
12. Qf3 (12. O-O b4 13. Ne2 a5 $18) 12... Bb7 (12... b4 13. Ne2 $18) 13. O-O g6
(13... c5 14. Qf4 $18) 14. Ne2 (14. e5 $5 Nd7 15. Qg3 f5 16. exf6 Nxf6 $18)
14... c5 15. Ng4 (15. Nf4 $142 c4 $18) 15... Nxg4 16. Qxg4 f5 (16... c4 17. Qg3
c5 $18) 17. exf5 Rxf5 18. Ng3 Re5 19. Rae1 Qe7 20. Rxe5 Qxe5 21. Ne4 (21. b3
Rd8 $18) 21... Re8 $4 (21... Bxe4 $142 22. Qxe4 Qxe4 23. dxe4 Rd8 $14) 22. Re1
$18 Kh8 23. b3 (23. Qd7 Re7 24. f4 Rxd7 25. fxe5 Bxe4 26. Rxe4 Kg7 $18) 23...
Bc6 $2 (23... c4 24. bxc4 bxc4 $18) 24. Qe2 (24. f3 $142 c4 25. Qg3 Qg7 $18)
24... b4 (24... c4 25. h4 $18) 25. f3 (25. h4 Kg7 26. Qe3 Qd4 $18) 25... Qb2 (
25... a5 26. Qf2 $18) 26. Qd1 (26. Qf2 Qd4 27. Kf1 Re5 $18) 26... Qd4+ (26...
a5 27. Qa1 Qd4+ 28. Kf1 $18) 27. Kf1 Bxe4 28. dxe4 (28. Rxe4 $6 Rxe4 29. fxe4
Qb2 $11) (28. fxe4 $4 Rf8+ 29. Qf3 Rxf3+ 30. gxf3 Qf6 $19) 28... Qf6 (28... Qe5
29. Qd7 $18) 29. Qa1 Qxa1 (29... Kg7 30. Qxf6+ Kxf6 31. Rd1 $18) 30. Rxa1 Rd8 (
30... Kg7 31. Rd1 $18) 31. Ke2 Kg7 32. Rd1 Rxd1 (32... Rd6 33. f4 Rc6 34. c4
bxc3 35. Rc1 $18) 33. Kxd1 Kf6 34. Ke2 Ke5 (34... c4 35. bxc4 g5 36. c3 $18)
35. Ke3 c4 36. f4+ Ke6 37. bxc4 c5 (37... g5 38. g3 a5 $18) 38. g4 a5 39. h4 a4
40. e5 h6 41. Ke4 (41. Ke4 Kd7 42. Kd5 $18) 1-0

[Event "Third Match"]
[Site "?"]
[Date "1976.04.23"]
[Round "3"]
[White "Gray, M."]
[Black "Bailey, B."]
[Result "1/2-1/2"]
[WhiteElo "1840"]
[BlackElo "2042"]
[Annotator "Stockfish 12 (15s)"]
[PlyCount "157"]

{B04: Alekhine's Defence: 4 Nf3} 1. e4 Nf6 2. e5 Nd5 3. c4 Nb6 4. d4 d6 5. exd6
cxd6 6. h3 g6 7. Nf3 Bg7 8. Nc3 (8. Be2 O-O 9. O-O N8d7 10. Be3 e5 11. dxe5
Nxe5 12. Nxe5 Bxe5 13. Nc3 Be6 14. Qb3 Rc8 15. Nd5 Bxd5 16. cxd5 Qf6 17. a4
Bxb2 18. Ra2 Bd4 19. a5 Nd7 20. Qxb7 Rfd8 21. Bg4 Rb8 22. Qc7 Nc5 {
Krnic,Z (2400)-Kovacevic,V (2480) Sombor 1976 0-1 (36)}) 8... Be6 $146 (8...
Nc6 9. d5 Ne5 10. Nd4 O-O 11. b3 e6 12. Be2 Qh4 13. Be3 exd5 14. cxd5 f5 15. g3
Qe7 16. Qd2 Nf7 17. f4 Re8 18. Kf2 Qf6 19. Rac1 Bd7 20. Ndb5 Qd8 21. a4 a6 22.
Na3 Nc8 23. b4 {Loidl,F (2205)-Klug,R (2150) Austria 2001 1-0 (43)}) (8... O-O
9. Be2 $16) 9. b3 (9. d5 Bd7 10. a4 a5 $16) 9... O-O (9... d5 10. c5 N6d7 11.
Bb2 $14) 10. Bb2 (10. Be3 $5 $16) 10... d5 $11 11. c5 Nc8 (11... N6d7 12. Qd2
$11) 12. Bd3 (12. Qd2 b6 $16) 12... Nc6 $14 13. Ne2 b6 14. Qc2 $4 (14. Qd2 $142
$16) 14... Nb4 $19 15. Qb1 (15. Qd2 Nxd3+ 16. Qxd3 bxc5 $19) 15... bxc5 16. O-O
(16. Bc3 Nxd3+ 17. Qxd3 c4 $19) 16... Nxd3 (16... c4 $142 $5 17. Bc2 $19) 17.
Qxd3 Nd6 (17... c4 $142 18. Qd1 f6 $19) 18. Ng3 $2 (18. Nf4 $142 Bd7 19. Rfe1
$19) 18... c4 $19 19. Qe2 cxb3 20. axb3 Nf5 $4 (20... Qb6 $142 21. Qe3 Rfb8 $19
) 21. Nxf5 $15 Bxf5 (21... gxf5 $143 22. Ba3 a5 23. Bc5 $16) 22. Nh4 $2 (22.
Ba3 Re8 23. Bc5 a5 $11) 22... Bd7 (22... Be4 $142 $5 23. f3 e6 24. fxe4 Qxh4
25. exd5 exd5 $17) 23. Nf3 $17 e6 (23... Bf5 24. Ba3 Qb6 $11) 24. Ba3 $11 Re8
25. Bc5 (25. Ne5 a6 26. Qf3 Bxe5 27. dxe5 Qg5 $11) 25... Qb8 (25... Rb8 26.
Rfe1 Bb5 27. Qd2 $15) 26. Rfb1 (26. Rfc1 Bb5 27. Qd2 f6 $17) 26... Bb5 $17 27.
Qd2 (27. Qe3 a6 28. Ne5 Qd8 $17) 27... a6 28. Qb4 $4 (28. Nh2 $142 e5 29. Ng4
$17) 28... Bd3 $19 29. Rb2 Qxb4 30. Bxb4 Rec8 31. Rd1 (31. Ne5 Bb5 $19) 31...
Rc2 32. Rd2 (32. Rxc2 Bxc2 33. Rc1 Bxb3 $19) 32... Rxb2 (32... Rac8 33. Ne5
Rc1+ 34. Kh2 $19) 33. Rxb2 Rc8 34. Ne1 (34. Ne5 Rc1+ 35. Kh2 Bb5 $19) 34... Bb5
(34... Rc1 $142 35. Ra2 Bxd4 36. Kh2 $19) 35. Nf3 (35. Rc2 Rxc2 36. Nxc2 Bd3
$19) 35... f6 (35... Rc1+ 36. Kh2 $19) 36. Bd6 (36. Bc5 e5 $19) 36... Kf7 37.
g4 Rc6 (37... Rc1+ 38. Kg2 g5 39. b4 $19) 38. Bg3 (38. Bc5 e5 39. b4 e4 $19)
38... Bf8 (38... g5 $5 39. h4 h6 40. Ne1 $19) 39. g5 Bd6 (39... Rc3 $142 40.
Kg2 Ba3 $19) 40. Bxd6 Rxd6 41. gxf6 Rc6 $4 (41... Kxf6 $142 42. Ne5 Rd8 $19)
42. Ne5+ $18 Kxf6 43. Nxc6 Bxc6 44. Re2 Bb5 45. Re3 (45. Re1 Be8 $18) 45... a5
(45... Kf5 46. Re5+ Kf6 47. Re1 $18) 46. Kg2 (46. Rc3 $142 e5 47. Rc5 Bd3 48.
Rxa5 Be4 49. dxe5+ Kxe5 $18) 46... a4 47. Kg3 axb3 (47... Kf5 48. b4 h6 $18)
48. Rxb3 (48. Rf3+ $142 Kg7 49. Rxb3 $18) 48... Ba4 $2 (48... Be2 49. f3 $16)
49. Rb6 $4 (49. Rf3+ Kg7 50. Kf4 $18) 49... Bc2 $16 50. f4 (50. h4 $142 $5 $16)
50... h5 $11 51. h4 Be4 52. Rb3 Kf5 53. Re3 Bc2 54. Re5+ Kf6 55. Kf2 Bf5 56.
Ke3 Ke7 57. Kd2 Kd6 58. Kc3 Ke7 59. Kb4 Kd6 60. Kb5 Ke7 61. Kc6 Be4 62. Kc7 Bd3
63. Re3 Be4 64. Ra3 Kf6 65. Kd6 Kf5 66. Ra1 Kxf4 67. Kxe6 Kg4 68. Kf6 Kxh4 69.
Rg1 {g6 becomes a target} Kh3 70. Ke5 $4 (70. Rg5 h4 71. Ke5 Kh2 $11) 70... Kh2
(70... Bg2 71. Kf4 h4 $19) 71. Rg5 $11 h4 72. Kf4 Bg2 73. Rxg6 Kg1 74. Rh6 h3
75. Kg3 Kf1 76. Re6 Kg1 77. Rh6 Bf1 78. Rh5 Bg2 79. Rxd5 1/2-1/2